Psychologie reklamy

Enregistré dans:
Détails bibliographiques
Auteur principal: Vysekalová, Jitka
Autres auteurs: Komárková, Růžena, Herzmann, Jan
Format: Livre
Langue:tchèque
Publié: Praha Grada Publishing 2023
Édition:5. rozšířené a aktualizované vydání
Sujets:
Tags: Ajouter un tag
Pas de tags, Soyez le premier à ajouter un tag!

MARC

LEADER 00000nam a2200000 4500
001 0292020
005 20240416114206.4
020 |a 978-80-271-3654-4 
041 0 |a cze 
044 |a CZ 
245 1 0 |a Psychologie reklamy  |c Jitka Vysekalová a kolektiv 
250 |a 5. rozšířené a aktualizované vydání 
264 1 |a Praha  |b Grada Publishing  |c 2023 
300 |a 360 s. 
610 2 0 |a reklama 
610 2 0 |a psychológia reklamy 
610 2 0 |a psychológia predaja 
610 2 0 |a motivácia 
610 2 0 |a emócie 
610 2 0 |a propagácia 
610 2 0 |a komunikácia marketingová 
610 2 0 |a podpora predaja 
610 2 0 |a práca s verejnosťou 
610 2 0 |a médiá 
610 2 0 |a inzercia 
610 2 0 |a kódexy 
100 1 |a Vysekalová, Jitka 
700 1 |a Komárková, Růžena 
700 1 |a Herzmann, Jan